| 000 | 00385nam a22001457a 4500 | ||
|---|---|---|---|
| 005 | 20250313143715.0 | ||
| 008 | 250313b |||||||| |||| 00| 0 eng d | ||
| 020 | _a9781844740437 | ||
| 050 |
_aBV 3790.P59 POL _b1 |
||
| 100 | _aPOLLARD, Nick | ||
| 245 | _aEvangelism made slightly less difficult | ||
| 260 |
_aEngland _bInter-varsity press _c1997 |
||
| 300 | _a203p | ||
| 942 |
_2lcc _cBK _n0 |
||
| 999 |
_c4769 _d4769 |
||